| 000 | 00437nam a2200133Ia 4500 | ||
|---|---|---|---|
| 008 | 170221s9999 xx 000 0 und d | ||
| 100 | _aSandra Alves | ||
| 245 | 4 | _aThe Effect of Board Independence on the Earnings Quality: Evidence from Portuguese Listed Companies | |
| 245 | _cSandra Alves | ||
| 260 | _c2012 | ||
| 300 | _a10 : 2 | ||
| 650 | _xBusiness | ||
| 856 | _uhttp://ro.uow.edu.au/cgi/viewcontent.cgi?article=1489&context=aabfj | ||
| 999 |
_c311682 _d311682 |
||